000 00651nam a2200277Ia 4500
005 20260324140614.0
008 008 260324s9999 xx 000 0 eng d
020 _a9780080938929
037 _aEBOOK
040 _aCRL
040 _beng
040 _cCRL
041 _2eng
041 _aeng
084 _qCRL
100 _aGeorge Haley; Chin Tiong Tan; Usha C V Haley
_91205040
245 0 _aNew Asian Emperors
260 _bTaylor and Francis
260 _c1998
365 _a
365 _b230
856 _uhttp://www.taylorfrancis.com/books/9780080938929
942 _cEBOOK
999 _c1807272
_d1807272